03287 2201417 4500001002100000005001500021035002000036007000300056008004100059020002200100100002000122245007300142250000600215260003100221300004300252650002200295700001600317856001400333082000800347084001400355990001500369990001500384990001500399990001500414990001500429990001500444990001500459990001500474990001500489990001500504990001500519990001500534990001500549990001500564990001500579990001500594990001500609990001500624990001500639990001500654990001500669990001500684990001500699990001500714990001500729990001500744990001500759990001500774990001500789990001500804990001500819990001500834990001500849990001500864990001500879990001500894990001500909990001500924990001500939990001500954990001500969990001500984990001500999990001501014990001501029990001501044990001501059990001501074990001501089990001501104990001501119990001501134990001501149990001501164990001501179990001501194990001501209990001501224990001501239990001501254990001501269990001501284990001501299990001501314990001501329990001501344990001501359990001501374990001501389990001501404990001501419990001501434990001501449990001501464990001501479990001501494990001501509990001501524990001501539990001501554990001501569990001501584990001501599990001501614990001501629990001501644990001501659990001501674990001501689990001501704990001501719990001501734990001501749990001501764990001501779990001501794990001501809990001501824990001501839990001501854INLIS00000000000238220260414104450 a0010-0226000070ta260414 0 ind  a978-623-522-158-80 aT. Sapto Sayogo1 aSeni Teater Untuk SMA/MA Kelas XI /cT. Sapto Sayogo dan Eka Permana a- aJakarta :bErlangga,c2024 a242 hlm :bIlust ;c17,6 cm x 25 cme- 4aSeni dan Olahraga0 aEka Permana a600 HAF p a792 a792 SAP s aKumer14256 aKumer14257 aKumer14258 aKumer14259 aKumer14260 aKumer14261 aKumer14262 aKumer14263 aKumer14264 aKumer14265 aKumer14266 aKumer14267 aKumer14268 aKumer14269 aKumer14270 aKumer14271 aKumer14272 aKumer14273 aKumer14274 aKumer14275 aKumer14276 aKumer14277 aKumer14278 aKumer14279 aKumer14280 aKumer14281 aKumer14282 aKumer14283 aKumer14284 aKumer14285 aKumer14286 aKumer14287 aKumer14288 aKumer14289 aKumer14290 aKumer14291 aKumer14292 aKumer14293 aKumer14294 aKumer14295 aKumer14296 aKumer14297 aKumer14298 aKumer14299 aKumer14300 aKumer14301 aKumer14302 aKumer14303 aKumer14304 aKumer14305 aKumer14306 aKumer14307 aKumer14308 aKumer14309 aKumer14310 aKumer14311 aKumer14312 aKumer14313 aKumer14314 aKumer14315 aKumer14316 aKumer14317 aKumer14318 aKumer14319 aKumer14320 aKumer14322 aKumer14323 aKumer14324 aKumer14325 aKumer14325 aKumer14326 aKumer14327 aKumer14328 aKumer14329 aKumer14330 aKumer14331 aKumer14332 aKumer14333 aKumer14334 aKumer14335 aKumer14336 aKumer14337 aKumer14338 aKumer14339 aKumer14340 aKumer14341 aKumer14342 aKumer14343 aKumer14344 aKumer14345 aKumer14346 aKumer14347 aKumer14348 aKumer14349 aKumer14350 aKumer14351 aKumer14352 aKumer14353 aKumer14354 aKumer14355